000 00455nam a2200169Ia 4500
008 230917s9999||||xx |||||||||||||| ||und||
020 _cRS1195
040 _e235416
_aMAIN
041 _aEnglish
082 _a355.00954 C393T
100 _aChaube, D K
245 0 _aTracing roots of Indian army
260 _aNew Delhi
_bSumit Enterprises
_c2015
300 _aviii, 220 p.
500 _a2425 14/10/2016 RBP16/62153 25/10/2016 Main Budget
942 _cBK
999 _c19563
_d19563